Secondary Education Syllabus Volume three: History and Government, Geography, Business studies, Christian Religious Education, Islamic Religious Education, Hindu Religious Education / (Record no. 928)
| 000 -LEADER | |
|---|---|
| fixed length control field | 00851nam a22002057a 4500 |
| 003 - CONTROL NUMBER IDENTIFIER | |
| control field | OSt |
| 005 - DATE AND TIME OF LATEST TRANSACTION | |
| control field | 20170311135726.0 |
| 008 - FIXED-LENGTH DATA ELEMENTS--GENERAL INFORMATION | |
| fixed length control field | 120529t xxu||||| |||| 00| 0 eng d |
| 020 ## - INTERNATIONAL STANDARD BOOK NUMBER | |
| International Standard Book Number | 9966315403 |
| 040 ## - CATALOGING SOURCE | |
| Original cataloging agency | LoC |
| Language of cataloging | English |
| 050 ## - LIBRARY OF CONGRESS CALL NUMBER | |
| Classification number | LB3058.A3 K4 2002 V.3 |
| 110 ## - MAIN ENTRY--CORPORATE NAME | |
| Corporate name or jurisdiction name as entry element | Ministry of Education Science and Technology |
| 245 ## - TITLE STATEMENT | |
| Title | Secondary Education Syllabus Volume three: History and Government, Geography, Business studies, Christian Religious Education, Islamic Religious Education, Hindu Religious Education / |
| Statement of responsibility, etc | Ministry of Education Science and Technology |
| 260 ## - PUBLICATION, DISTRIBUTION, ETC. (IMPRINT) | |
| Place of publication, distribution, etc | Nairobi |
| Name of publisher, distributor, etc | Kenya Institute of Education |
| Date of publication, distribution, etc | 2002 |
| 300 ## - PHYSICAL DESCRIPTION | |
| Extent | viii.;138p. |
| 501 ## - WITH NOTE | |
| With note | Includes appendix |
| 505 ## - FORMATTED CONTENTS NOTE | |
| Formatted contents note | History and Government---Christian Religious Education---Islamic Religious Education---Hindu Religious Education |
| 650 ## - SUBJECT ADDED ENTRY--TOPICAL TERM | |
| Topical term or geographic name as entry element | Education |
| 942 ## - ADDED ENTRY ELEMENTS (KOHA) | |
| Source of classification or shelving scheme | |
| Koha item type | Book |
| Withdrawn status | Lost status | Source of classification or shelving scheme | Damaged status | Not for loan | Home library | Current library | Date acquired | Total Checkouts | Total Renewals | Full call number | Barcode | Date last seen | Date checked out | Copy number | Price effective from | Koha item type |
|---|---|---|---|---|---|---|---|---|---|---|---|---|---|---|---|---|
| Riara University Library | Riara University Library | 29/05/2012 | 14 | 1 | LB2131.A3 K4 2002 V.3 | 3348/12 | 10/06/2017 | 22/04/2017 | C.1 | 29/05/2012 | Book | |||||
| Riara University Library | Riara University Library | 29/05/2012 | 15 | LB2131.A3 K4 2002 V.3 | 3347/12 | 11/03/2017 | 30/11/2016 | C.2 | 29/05/2012 | Book |
